The upward calling: (Record no. 13101)

000 -LEADER
fixed length control field 00619nam a2200193 a 4500
001 - CONTROL NUMBER
control field :::00010919$&:&@@
003 - CONTROL NUMBER IDENTIFIER
control field OkBaRHE
005 - DATE AND TIME OF LATEST TRANSACTION
control field 20000607103404.0
008 - FIXED-LENGTH DATA ELEMENTS--GENERAL INFORMATION
fixed length control field s1961 j 000 0 eng u
040 ## - CATALOGING SOURCE
Transcribing agency
100 1# - MAIN ENTRY--PERSONAL NAME
Personal name White, R. E. O. (Reginald Ernest Oscar), 1914-
245 14 - TITLE STATEMENT
Title The upward calling:
Remainder of title meditations on the Christian life.
250 ## - EDITION STATEMENT
Edition statement [1st ed.]
260 ## - PUBLICATION, DISTRIBUTION, ETC. (IMPRINT)
Place of publication, distribution, etc Grand Rapids, MI., :
Name of publisher, distributor, etc Eerdmans
Date of publication, distribution, etc c1961
300 ## - PHYSICAL DESCRIPTION
Extent 202 p. ;
Dimensions 22 cm.
650 ## - SUBJECT ADDED ENTRY--TOPICAL TERM
Topical term or geographic name as entry element Christian Life
942 ## - ADDED ENTRY ELEMENTS (KOHA)
Source of classification or shelving scheme
Koha item type Books
Copies
Date acquired Price effective from Koha item type Permanent Location Source of classification or shelving scheme Shelving location Lost status Not for loan Damaged status Copy number Barcode Date last seen Withdrawn status Full call number
2010-04-142010-04-14BooksRHEMA Bible Training College General Stacks   1109192010-04-14 BV 4501.2 .W46